| 000 | 00384nam a2200145Ia 4500 | ||
|---|---|---|---|
| 005 | 20250729165744.0 | ||
| 008 | 250729s2014 xx 000 0 und d | ||
| 041 | _aeng | ||
| 082 | _a530.7 KANM | ||
| 100 |
_aKanwaljit aur _9232229 |
||
| 245 | _aModern approach to Teaching of Science | ||
| 260 |
_aLudhiyana _bTandon Publication _c2014 |
||
| 300 | _a358p | ||
| 650 |
_aScience _9232230 |
||
| 999 |
_c239678 _d239678 |
||